International economics (Record no. 20279)
[ view plain ]
| 000 -LEADER | |
|---|---|
| fixed length control field | 00506nam a2200193 a 4500 |
| 001 - CONTROL NUMBER | |
| control field | 158007 |
| 003 - CONTROL NUMBER IDENTIFIER | |
| control field | OSt |
| 005 - DATE AND TIME OF LATEST TRANSACTION | |
| control field | 20211126124752.0 |
| 008 - FIXED-LENGTH DATA ELEMENTS--GENERAL INFORMATION | |
| fixed length control field | 200701 ### ENG |
| 020 ## - INTERNATIONAL STANDARD BOOK NUMBER | |
| International Standard Book Number | 9780070263642 |
| 082 ## - DEWEY DECIMAL CLASSIFICATION NUMBER | |
| Classification number | 337 |
| Item number | C42I |
| 100 ## - MAIN ENTRY--PERSONAL NAME | |
| Personal name | Cherunilam, Francis |
| 245 ## - TITLE STATEMENT | |
| Title | International economics |
| Statement of responsibility, etc | by Francis Cherunilam |
| 250 ## - EDITION STATEMENT | |
| Edition statement | 5th ed. |
| 260 ## - PUBLICATION, DISTRIBUTION, ETC. (IMPRINT) | |
| Place of publication, distribution, etc | Chennai |
| Name of publisher, distributor, etc | McGraw Hill Education |
| Date of publication, distribution, etc | 2018 |
| 300 ## - PHYSICAL DESCRIPTION | |
| Extent | xxxii, 733p. |
| 653 ## - INDEX TERM--UNCONTROLLED | |
| Uncontrolled term | International economic relations |
| 942 ## - ADDED ENTRY ELEMENTS (KOHA) | |
| Source of classification or shelving scheme | Dewey Decimal Classification |
| Koha item type | Books |
| Withdrawn status | Lost status | Damaged status | Not for loan | Collection code | Home library | Current library | Date acquired | Source of acquisition | Total Checkouts | Full call number | Barcode | Date last seen | Date checked out | Price effective from | Koha item type |
|---|---|---|---|---|---|---|---|---|---|---|---|---|---|---|---|
| General Text Book | Central University Of Rajasthan | Central University Of Rajasthan | 01/07/2020 | ECO | 5 | 337 C42I | 33036 | 14/03/2024 | 20/02/2024 | 02/09/2020 | Books | ||||
| General Text Book | Central University Of Rajasthan | Central University Of Rajasthan | 01/07/2020 | ECO | 1 | 337 C42I | 33035 | 02/05/2024 | 29/04/2024 | 02/09/2020 | Books | ||||
| General Text Book | Central University Of Rajasthan | Central University Of Rajasthan | 01/07/2020 | ECO | 3 | 337 C42I | 33034 | 06/10/2023 | 18/09/2023 | 02/09/2020 | Books |
